पातिव्रताचाझेंडा (Record no. 950412)

MARC details
000 -LEADER
fixed length control field 00358nam a2200133Ia 4500
008 - FIXED-LENGTH DATA ELEMENTS--GENERAL INFORMATION
fixed length control field 151001s9999||||xx |||||||||||||| ||und||
100 ## - MAIN ENTRY--PERSONAL NAME
Personal name ना ल मोरे
245 ## - TITLE STATEMENT
Title पातिव्रताचाझेंडा
250 ## - EDITION STATEMENT
Edition statement 1
260 ## - PUBLICATION, DISTRIBUTION, ETC. (IMPRINT)
Name of publisher, distributor, etc सौ प्रतिभा ना मोरे
260 ## - PUBLICATION, DISTRIBUTION, ETC. (IMPRINT)
Date of publication, distribution, etc 1955
300 ## - PHYSICAL DESCRIPTION
Extent 73
365 ## - TRADE PRICE
Price amount 7.5

No items available.